000 00663nas a2200229 4500
001 BR9801082
003 BR-BrBNA
005 20231205100932.0
007 ta
008 230509b bl.|||p| |||| 00| 00por d
040 _aBR-BrBNA
_bpor
_cBiblioteca Nacional de Agricultura
041 _a(Pt)
072 _aN20
100 1 _aChristofoletti, J.C.
245 1 _aRedutor de vazao para atomizadores costais motorizados
650 _aAtomizador
650 _aAtomizacao
650 _aFungicida
773 0 _tEngenharia Agricola (Brazil)
_xISSN 0100-9619
_g(1972), v. 1(1) p. 53-57
_wBR9801082
909 _a202311
_bLúcia
_c55
_dLúcia Elande
942 _2AGRIS
_n0
_cANA
999 _c158878
_d158878